رقصة الفستان الأحمر الأخيرة: سبعة عقود من تاريخ العراق المعاصر عبر الغناء و الموسيقي/ (Record no. 6625)
[ view plain ]
| 000 -LEADER | |
|---|---|
| fixed length control field | 00565nam a2200157Ia 4500 |
| 001 - CONTROL NUMBER | |
| control field | 6625 |
| 008 - FIXED-LENGTH DATA ELEMENTS--GENERAL INFORMATION | |
| fixed length control field | 260622s9999 xx 000 0 und d |
| 020 ## - INTERNATIONAL STANDARD BOOK NUMBER | |
| International Standard Book Number | 9788899687489 |
| 245 #0 - TITLE STATEMENT | |
| Title | رقصة الفستان الأحمر الأخيرة: سبعة عقود من تاريخ العراق المعاصر عبر الغناء و الموسيقي/ |
| Statement of responsibility, etc. | علي عبد الأمير |
| 260 ## - PUBLICATION, DISTRIBUTION, ETC. | |
| Place of publication, distribution, etc. | بغداد؛ |
| Name of publisher, distributor, etc. | منشورات المتوسط؛ |
| Date of publication, distribution, etc. | 2017 |
| 300 ## - PHYSICAL DESCRIPTION | |
| Extent | 558p; |
| Dimensions | 21x14cm |
| 546 ## - LANGUAGE NOTE | |
| Language note | Arabic |
| 650 ## - SUBJECT ADDED ENTRY--TOPICAL TERM | |
| Topical term or geographic name entry element | PJ7501-8517 Arabic literature |
| 651 ## - SUBJECT ADDED ENTRY--GEOGRAPHIC NAME | |
| Geographic name | Iraq |
| 942 ## - ADDED ENTRY ELEMENTS (KOHA) | |
| Koha item type | Book |
| Withdrawn status | Lost status | Damaged status | Not for loan | Collection | Home library | Current library | Date acquired | Total Checkouts | Full call number | Barcode | Date last seen | Price effective from | Koha item type |
|---|---|---|---|---|---|---|---|---|---|---|---|---|---|
| Language and Literature | SAF Reference Library | SAF Reference Library | 06/22/2026 | PJ7501-8517 98.544 | 6625 | 06/22/2026 | 06/22/2026 | Book | |||||
| Language and Literature | SAF Reference Library | SAF Reference Library | 06/22/2026 | PJ7501-8517 98.544 | 06/22/2026 | 06/22/2026 | Book |